[Event "Tournoi Skype 014B"]
[Site "Skype"]
[Date "????.??.??"]
[Round "3.3"]
[White "De Coninck, Philippe"]
[Black "Tripathi, Rajnikant"]
[Result "0-1"]
[WhiteElo "1452"]
[BlackElo "1399"]
[PlyCount "64"]

1. e4 c6 2. Nf3 d5 3. Nc3 dxe4 4. Nxe4 Bf5 5. Nc3 e6 6. d4 h6 7. Bd3 Bxd3 8.
Qxd3 Nd7 9. Be3 Ngf6 10. O-O-O Be7 11. h3 O-O 12. g4 Nd5 13. Nxd5 cxd5 14. Rhg1
Rc8 15. c3 Nb6 16. g5 h5 17. Qe2 Nc4 18. g6 Nxe3 19. fxe3 fxg6 20. Rxg6 Rf6 21.
Ne5 Rxg6 22. Nxg6 Qe8 23. Qxh5 Kf7 24. Rf1+ Bf6 25. Qh7 Qg8 26. Rxf6+ Kxf6 27.
Qh5 Qf7 28. Nf4 Qxh5 29. Nxh5+ Kg6 30. Nf4+ Kf5 31. Kd2 Rh8 32. Ke2 g5 0-1

[Event "Tournoi Skype 014B"]
[Site "Skype"]
[Date "????.??.??"]
[Round "3.4"]
[White "Kruzeniski, Randy"]
[Black "Sauvaget, Joel"]
[Result "1-0"]
[WhiteElo "1436"]
[BlackElo "1394"]
[PlyCount "51"]

1. d4 d5 2. Nf3 Nf6 3. e3 e6 4. Bd3 h6 5. O-O Bd6 6. Nc3 O-O 7. Re1 c6 8. e4
dxe4 9. Nxe4 Nxe4 10. Bxe4 Nd7 11. c4 Nf6 12. Bd3 Bd7 13. c5 Bc7 14. Ne5 Be8
15. Bc2 b6 16. b4 Qb8 17. Rb1 b5 18. a3 a5 19. Bf4 Nh7 20. Qg4 Kh8 21. g3 Qd8
22. Red1 Qf6 23. h4 axb4 24. axb4 Bxe5 25. Bxe5 Qg5 26. hxg5 1-0

[Event "Tournoi Skype 014B"]
[Site "Skype"]
[Date "????.??.??"]
[Round "3.5"]
[White "Porcabeuf, Jean-Marc"]
[Black "Ramirez Reina, Orlando"]
[Result "1-0"]
[WhiteElo "1328"]
[BlackElo "1431"]
[PlyCount "43"]

1. d4 Nf6 2. c4 e6 3. a3 Be7 4. Nc3 c5 5. Nf3 Nc6 6. dxc5 Bxc5 7. e4 O-O 8. Bd3
d6 9. O-O a6 10. Bg5 Nd4 11. Nxd4 Bxd4 12. Ne2 Bxb2 13. Ra2 Be5 14. Ng3 h6 15.
Bxf6 Bxf6 16. Re2 Qa5 17. a4 Bd7 18. Bc2 b5 19. cxb5 axb5 20. Qd3 bxa4 21. e5
Bxe5 22. Qh7# 1-0

[Event "Tournoi Skype 014B"]
[Site "Skype"]
[Date "????.??.??"]
[Round "3.6"]
[White "Kayali, Furkan"]
[Black "Raheja, Shiv"]
[Result "0-1"]
[WhiteElo "1424"]
[BlackElo "1374"]
[PlyCount "46"]

1. e4 e5 2. Nf3 Nc6 3. Bb5 Bc5 4. Bxc6 dxc6 5. Nxe5 Qd4 6. O-O Qxe5 7. d3 Bd4
8. Nc3 Nf6 9. Be3 Bxe3 10. fxe3 Qg5 11. Qf3 Bg4 12. Qf4 Qxf4 13. exf4 O-O-O 14.
e5 Nd7 15. d4 c5 16. d5 Rhe8 17. Rae1 Bf5 18. Rf2 c4 19. Nb5 a6 20. Nd4 Bg6 21.
f5 Bh5 22. e6 fxe6 23. Nxe6 Nf6 0-1

[Event "Tournoi Skype 014B"]
[Site "Skype"]
[Date "????.??.??"]
[Round "3.7"]
[White "Milanese, Serge"]
[Black "Tamditi, Ibrahim"]
[Result "0-1"]
[WhiteElo "1424"]
[BlackElo "1333"]
[PlyCount "56"]

1. e4 e5 2. Nf3 Nc6 3. c3 Nf6 4. d3 Bc5 5. Be3 Bxe3 6. fxe3 O-O 7. Be2 d5 8.
Nbd2 dxe4 9. Qc2 exf3 10. Bxf3 Bg4 11. O-O Bxf3 12. Nxf3 Ng4 13. Rae1 Re8 14.
h3 Nf6 15. e4 Nd7 16. Qb3 Nc5 17. Qd1 Nxd3 18. Re3 Nxb2 19. Qe2 Na4 20. g3 a5
21. Nh4 b5 22. Qxb5 Nxc3 23. Rxc3 Qd4+ 24. Rf2 Qxc3 25. Qf1 Qxg3+ 26. Ng2 Re7
27. Rf3 Qg6 28. Kh2 Qxe4 0-1

[Event "Tournoi Skype 014B"]
[Site "Skype"]
[Date "????.??.??"]
[Round "3.8"]
[White "Rodriguez, Nathalie"]
[Black "Prasad Singh, Ambika"]
[Result "0-1"]
[WhiteElo "1199"]
[BlackElo "1444"]
[PlyCount "82"]

1. e4 c5 2. Bc4 Nc6 3. Qh5 e6 4. c3 Nf6 5. Qf3 Ne5 6. Qe2 Nxc4 7. Qxc4 a6 8. d3
d5 9. exd5 exd5 10. Qb3 Bd6 11. h3 Qe7+ 12. Ne2 O-O 13. Qc2 Re8 14. Be3 b5 15.
O-O Bb7 16. Nd2 Rac8 17. b3 d4 18. Nxd4 cxd4 19. Bxd4 Bc5 20. Bxc5 Qxc5 21. c4
Qg5 22. f3 Nd5 23. Qb2 Ne3 24. Rf2 Qg3 25. Rc1 Rc5 26. Ne4 Bxe4 27. dxe4 Rd8
28. Qe2 Qg5 29. f4 Qg3 30. Re1 Nxg2 31. Rxg2 Qxf4 32. Rf1 Qe5 33. Kh1 g6 34.
Rgf2 Rd7 35. Qg4 Re7 36. Rf5 Qd4 37. Rf6 bxc4 38. bxc4 Rxc4 39. Qf4 Qxe4+ 40.
Qxe4 Rcxe4 41. Rxa6 Re1 0-1

[Event "Tournoi Skype 014B"]
[Site "Skype"]
[Date "????.??.??"]
[Round "3.9"]
[White "Douichi, Mohammed"]
[Black "Armingaud, Jean-Claude"]
[Result "1-0"]
[WhiteElo "1250"]
[BlackElo "1135"]
[PlyCount "119"]

1. e4 e5 2. Bc4 Nf6 3. Nf3 d6 4. O-O Bg4 5. h3 Bxf3 6. Qxf3 Be7 7. Qg3 g6 8. d3
O-O 9. Bh6 Re8 10. Bg5 Nh5 11. Qh4 Bxg5 12. Qg4 h6 13. Re1 Nf6 14. Qf3 Nc6 15.
Na3 Nd4 16. Qd1 a6 17. c3 Nc6 18. Qb3 Re7 19. Qxb7 Na5 20. Qb4 c5 21. h4 cxb4
22. hxg5 hxg5 23. cxb4 Nxc4 24. dxc4 Rb8 25. b5 axb5 26. cxb5 Qc8 27. Rac1 Rc7
28. Rb1 Qd7 29. Rec1 Nxe4 30. f3 Nd2 31. Ra1 Rxc1+ 32. Rxc1 e4 33. fxe4 Nxe4
34. Rc6 Rc8 35. Ra6 Rc1+ 36. Kh2 d5 37. b6 d4 38. Ra7 Rc8 39. Rxd7 Nf6 40. Rxd4
Kh7 41. b7 Rb8 42. Rb4 Nd5 43. Rb5 Nc7 44. Rb6 Kh6 45. Nc4 Kh5 46. a4 f5 47. a5
Nd5 48. b4 Nxb6 49. a6 Nxc4 50. b5 g4 51. a7 Rxb7 52. a8=Q Nd6 53. Qh8+ Kg5 54.
Qd8+ Kf4 55. b6 Nc4 56. g3+ Kf3 57. Qc8 Nd6 58. Qc6+ Ke3 59. Qxd6 Rxb6 60.
Qxb6+ 1-0

[Event "Tournoi Skype 014B"]
[Site "Skype"]
[Date "????.??.??"]
[Round "3.10"]
[White "Farfallini, Michel"]
[Black "Hernandez, George"]
[Result "1-0"]
[WhiteElo "1335"]
[BlackElo "1547"]
[PlyCount "93"]

1. e4 e5 2. Nf3 Nc6 3. Bc4 Nd4 4. c3 Nc6 5. d4 exd4 6. Ng5 d5 7. Bxd5 Be6 8.
Nxe6 fxe6 9. Qh5+ g6 10. Bxc6+ bxc6 11. Qe5 Nf6 12. Bg5 Bg7 13. Qxe6+ Qe7 14.
Qxc6+ Kf7 15. Qc4+ Kf8 16. Nd2 h6 17. Bxf6 Bxf6 18. cxd4 Bg5 19. f4 Bxf4 20.
O-O Qf6 21. e5 Qf5 22. Qxc7 Re8 23. Nc4 Re7 24. Qd8+ Re8 25. Qd5 Re6 26. Nd6
Rxd6 27. Qxd6+ Ke8 28. Qb8+ Kd7 29. Qxh8 Be3+ 30. Kh1 Bf2 31. Qg7+ Ke6 32. Rac1
Kd5 33. Qg8+ Kxd4 34. Qc4+ Kxe5 35. Qe2+ Qe4 36. Qxe4+ Kxe4 37. Rxf2 Ke3 38.
Kg1 g5 39. g3 Kd3 40. Kf1 a5 41. a4 h5 42. Rf5 Kd2 43. Rc3 g4 44. Re5 h4 45.
gxh4 g3 46. hxg3 Kd1 47. Rd5# 1-0

[Event "Tournoi Skype 014B"]
[Site "Skype"]
[Date "????.??.??"]
[Round "3.11"]
[White "Le Brun, Yves"]
[Black "Martin, Jean-Claude"]
[Result "0-1"]
[WhiteElo "1507"]
[BlackElo "1333"]
[PlyCount "112"]

1. d4 e5 2. c3 e4 3. Bf4 d5 4. e3 Bd6 5. Bxd6 Qxd6 6. Nd2 Qg6 7. h3 f5 8. Ne2
Ne7 9. Nf4 Qf7 10. Be2 g6 11. Qc2 Be6 12. f3 Nd7 13. fxe4 fxe4 14. Nxe6 Qxe6
15. Bg4 Qd6 16. O-O-O O-O-O 17. Nf1 Rhf8 18. Qe2 h5 19. Bxd7+ Qxd7 20. Rg1 g5
21. Qxh5 Rf5 22. Ng3 Rf2 23. Ne2 Rg8 24. Rdf1 Qf5 25. Ng3 Rxf1+ 26. Rxf1 Qg6
27. Qg4+ Kb8 28. Nh5 Qa6 29. Rf7 Qxa2 30. Nf6 Qa1+ 31. Kc2 Qf1 32. Nxg8 Qxf7
33. Nxe7 Qxe7 34. Qf5 c6 35. Qg6 Kc7 36. Kd2 b5 37. Ke2 Kd7 38. Kf2 a5 39. Kg3
b4 40. Kg4 bxc3 41. bxc3 a4 42. Qg8 Qd8 43. Qg7+ Qe7 44. Qg8 a3 45. Qa8 Ke6 46.
Qa6 Kd7 47. Qa4 Kc7 48. c4 Kb6 49. c5+ Kc7 50. Qxa3 Kd7 51. Qa7+ Ke6 52. Qb8
Kd7 53. Qb7+ Ke6 54. Qxc6+ Kf7 55. Qxd5+ Qe6+ 56. Qxe6+ Kxe6 0-1

[Event "Tournoi Skype 014B"]
[Site "Skype"]
[Date "????.??.??"]
[Round "3.12"]
[White "Gieschen, Mike"]
[Black "Yeter, Orhan"]
[Result "0-1"]
[WhiteElo "1457"]
[BlackElo "1332"]
[PlyCount "90"]

1. Nf3 d5 2. d4 Nc6 3. e3 e6 4. c4 Nf6 5. Nc3 Bb4 6. Bd2 b6 7. cxd5 exd5 8. Bd3
O-O 9. O-O Bxc3 10. Bxc3 Bb7 11. Qc2 Nb8 12. Ng5 g6 13. f4 Ng4 14. Bd2 Bc8 15.
h3 Nh6 16. Rf2 Bf5 17. Bxf5 Nxf5 18. g4 Nd6 19. Raf1 h6 20. Nf3 Ne4 21. Rg2 Nc6
22. Qxc6 Qd6 23. Qxd6 cxd6 24. h4 Rfe8 25. Bb4 Rad8 26. h5 a5 27. Be1 Kg7 28.
hxg6 fxg6 29. Bh4 Rc8 30. Nd2 Rc2 31. Nxe4 Rxg2+ 32. Kxg2 Rxe4 33. Kf3 Re8 34.
Rc1 Kf7 35. Rc6 Ke6 36. Rxb6 Rc8 37. Be1 h5 38. g5 Rc1 39. Bxa5 h4 40. Kg2 Kf5
41. Rxd6 Kg4 42. Rxg6 h3+ 43. Kf2 Rc2+ 44. Kg1 Kg3 45. Rh6 Rc1+ 0-1

[Event "Tournoi Skype 014B"]
[Site "Skype"]
[Date "????.??.??"]
[Round "3.13"]
[White "Coruble, Didier"]
[Black "Dubois, Real"]
[Result "1/2-1/2"]
[WhiteElo "1329"]
[BlackElo "1420"]
[PlyCount "105"]

1. Nf3 g6 2. d4 Bg7 3. e3 c6 4. Bc4 d5 5. Be2 Nf6 6. Nc3 Nbd7 7. O-O O-O 8. b3
b5 9. Bb2 Qb6 10. Re1 Ba6 11. a4 bxa4 12. Bxa6 Qxa6 13. Rxa4 Qb7 14. Ba3 Rfe8
15. Bb2 a5 16. Qa1 Qa7 17. b4 Qc7 18. Rxa5 Rxa5 19. Qxa5 Qb7 20. Ra1 Nb6 21.
Qa6 Qxa6 22. Rxa6 Nc4 23. Bc1 Rc8 24. Nd2 Nd6 25. f3 Bh6 26. Kf2 Bg7 27. g4 h6
28. h4 Nfe8 29. Kg3 e5 30. Ne2 exd4 31. Nxd4 Nc7 32. Rxc6 Nce8 33. Rc5 Rxc5 34.
bxc5 Nc8 35. Ba3 Nc7 36. c6 Bxd4 37. exd4 Na7 38. Bd6 Ne8 39. Bc5 Nxc6 40. c4
dxc4 41. d5 Nb8 42. Nxc4 Nd7 43. Ba3 Nc7 44. d6 Nb5 45. Bb4 Nd4 46. Kf2 Kf8 47.
h5 g5 48. Ne3 Ne6 49. Nd5 Nd8 50. Nf6 Nxf6 51. d7+ Kg8 52. Be7 Nxd7 53. Bxd8
1/2-1/2

[Event "Tournoi Skype 014B"]
[Site "Skype"]
[Date "????.??.??"]
[Round "3.14"]
[White "Perrone, Gabriel Lorenzo"]
[Black "Picard, Mario"]
[Result "1-0"]
[WhiteElo "1408"]
[BlackElo "1311"]
[PlyCount "65"]

1. d4 d5 2. Nf3 Nc6 3. e3 Nf6 4. c4 e6 5. Nc3 Bd6 6. Bd3 O-O 7. O-O e5 8. cxd5
exd4 9. exd4 Nb4 10. Bc4 b5 11. Nxb5 Be7 12. Nc3 Bb7 13. a3 Nbxd5 14. Re1 Nb6
15. Bb3 c6 16. Qc2 Qc7 17. Bg5 Rae8 18. Re2 Bd6 19. Bxf6 gxf6 20. Rae1 Re7 21.
Ne4 Nd7 22. Nxd6 Qxd6 23. Rxe7 Ba8 24. Re8 Rxe8 25. Rxe8+ Kg7 26. Rxa8 Qe6 27.
Bxe6 fxe6 28. Rxa7 f5 29. Rxd7+ Kf6 30. Qxc6 Kg6 31. Qxe6+ Kh5 32. Qxf5+ Kh6
33. Qg5# 1-0

[Event "Tournoi Skype 014B"]
[Site "Skype"]
[Date "????.??.??"]
[Round "3.15"]
[White "Vervoort, Jean-Louis"]
[Black "Gerbaux, Regis"]
[Result "1/2-1/2"]
[WhiteElo "1292"]
[BlackElo "1403"]
[PlyCount "80"]

1. d4 d5 2. c4 e6 3. Nc3 Nf6 4. Bg5 Bb4 5. a3 Bxc3+ 6. bxc3 h6 7. Bxf6 Qxf6 8.
e3 O-O 9. Nf3 Nc6 10. cxd5 exd5 11. h3 Re8 12. c4 Be6 13. cxd5 Bxd5 14. Bb5 a6
15. Bxc6 Bxc6 16. O-O Bxf3 17. gxf3 Rad8 18. Qd3 Qxf3 19. Kh2 Rd5 20. Rg1 Rh5
21. Qf1 Re4 22. Rg3 Qf5 23. Qg2 Rg5 24. Rg1 Rh4 25. f4 Rxg3 26. Qxg3 Qf6 27.
Rc1 c6 28. a4 Rh5 29. Rg1 b6 30. Qg4 Rf5 31. Rf1 h5 32. Qg2 g5 33. h4 Qg6 34.
hxg5 Ra5 35. Rc1 Qd6 36. Rxc6 Qb4 37. Rc8+ Kg7 38. Rc1 Rxa4 39. Rg1 Qd6 40. Kh3
Ra3 1/2-1/2

[Event "Tournoi Skype 014B"]
[Site "Skype"]
[Date "????.??.??"]
[Round "3.16"]
[White "Karia, Kirti"]
[Black "Hargez, Dany"]
[Result "0-1"]
[WhiteElo "1267"]
[BlackElo "1401"]
[PlyCount "48"]

1. e4 d5 2. exd5 Qxd5 3. Nc3 Qa5 4. Bc4 Nc6 5. Nf3 Bg4 6. O-O Nd4 7. Be2 Bxf3
8. Bxf3 e5 9. d3 Bb4 10. Ne4 Nc6 11. c3 Be7 12. d4 O-O-O 13. Bg4+ Kb8 14. Bg5
f6 15. Bd2 Qd5 16. Bf3 Qe6 17. d5 Qxd5 18. Nxf6 Qe6 19. Ng4 Nf6 20. Nxf6 gxf6
21. Bg4 f5 22. Bh3 h5 23. Re1 h4 24. Qc2 Rh5 0-1

[Event "Tournoi Skype 014B"]
[Site "Skype"]
[Date "????.??.??"]
[Round "3.17"]
[White "Khatanhar, Mohit"]
[Black "Farthouat, Titoine"]
[Result "0-1"]
[WhiteElo "1396"]
[BlackElo "1254"]
[PlyCount "50"]

1. e4 e6 2. d4 d5 3. e5 c5 4. c3 cxd4 5. cxd4 Bb4+ 6. Bd2 Ba5 7. Qa4+ Nc6 8.
Bxa5 Qxa5+ 9. Nc3 Qxa4 10. Nxa4 Nxd4 11. Bd3 Bd7 12. Nc3 Nc6 13. Nf3 Nge7 14.
Nb5 O-O 15. Nd6 Rab8 16. Ng5 h6 17. Nf3 Ng6 18. O-O Ngxe5 19. Nxe5 Nxe5 20. Be2
b5 21. f4 Ng6 22. f5 exf5 23. Nxf5 Rbc8 24. Rad1 Rc2 25. Rf3 Rxe2 0-1

[Event "Tournoi Skype 014B"]
[Site "Skype"]
[Date "????.??.??"]
[Round "3.18"]
[White "Amato, Ludovica"]
[Black "Vello, Pablo"]
[Result "0-1"]
[WhiteElo "1250"]
[BlackElo "1393"]
[PlyCount "48"]

1. e4 c5 2. Nf3 d6 3. Bb5+ Bd7 4. Nc3 Nf6 5. O-O Bxb5 6. Nxb5 Nxe4 7. Re1 Nf6
8. d4 Nc6 9. Bg5 a6 10. Nc3 cxd4 11. Nxd4 e5 12. Nf3 Be7 13. Qd2 O-O 14. Rad1
Re8 15. Be3 Rc8 16. Ne2 d5 17. Qc3 Qd6 18. Ng3 Nb4 19. a3 Rxc3 20. bxc3 Nxc2
21. Re2 Nxa3 22. Rb2 b5 23. Nf5 Qc7 24. Rb3 Kf8 0-1

[Event "Tournoi Skype 014B"]
[Site "Skype"]
[Date "????.??.??"]
[Round "3.19"]
[White "Mantelli, Luca"]
[Black "Hague, Mark"]
[Result "0-1"]
[WhiteElo "1239"]
[BlackElo "1367"]
[PlyCount "50"]

1. e4 c6 2. Nf3 d5 3. Nc3 dxe4 4. Nxe4 Bf5 5. Ng3 Bg6 6. d4 e6 7. Ne5 Be7 8.
Nxg6 hxg6 9. Bc4 Nf6 10. c3 Nbd7 11. O-O Nb6 12. Bb3 Qc7 13. Re1 O-O-O 14. Bg5
Nh5 15. Bxe7 Qxe7 16. Qd3 Nf4 17. Qf3 Qh4 18. h3 Nbd5 19. Bxd5 Rxd5 20. Re4 g5
21. Kf1 f5 22. Re3 Qh6 23. Ne2 Nxe2 24. Rxe2 g4 25. hxg4 Qh1# 0-1

[Event "Tournoi Skype 014B"]
[Site "Skype"]
[Date "????.??.??"]
[Round "3.20"]
[White "Capdeville, Jean"]
[Black "Cengiz, Cem"]
[Result "1-0"]
[WhiteElo "1353"]
[BlackElo "1210"]
[PlyCount "133"]

1. e4 e5 2. Nf3 Nc6 3. Bc4 Nf6 4. d3 h6 5. Be3 Ng4 6. Qe2 Nxe3 7. Qxe3 Be7 8.
O-O O-O 9. Nbd2 Nb4 10. Bb3 b6 11. a3 Bc5 12. Qe2 Nc6 13. Bc4 Nd4 14. Nxd4 Bxd4
15. c3 Bc5 16. b4 Be7 17. Nf3 d6 18. h3 c5 19. Bd5 Rb8 20. Rab1 Bf6 21. bxc5
dxc5 22. Bc4 Bd7 23. Bb5 Qc8 24. a4 Bxh3 25. gxh3 Qxh3 26. Bc4 Qg4+ 27. Kh2 Bg5
28. Rg1 Bf4+ 29. Rg3 Bxg3+ 30. fxg3 Qh5+ 31. Kg2 Rfd8 32. Rh1 Qg4 33. Rh4 Qc8
34. Nxe5 Rf8 35. Qf3 Rb7 36. Rf4 Qe8 37. Qh5 Re7 38. Ng6 Rc7 39. Nxf8 Kxf8 40.
Qf5 Re7 41. Qh7 Rc7 42. Qh8+ Ke7 43. Qxg7 Kd8 44. Qf6+ Qe7 45. Qxf7 Qxf7 46.
Rxf7 Rxf7 47. Bxf7 a6 48. c4 Ke7 49. Bd5 Kf6 50. Kh3 Kg5 51. g4 Kf6 52. Kh4 Kg6
53. e5 Kg7 54. Kh5 a5 55. e6 Kf6 56. Kxh6 Ke7 57. g5 Kf8 58. Kh7 Ke7 59. g6 Kf6
60. g7 Ke5 61. g8=Q Kd4 62. Qg6 Kc3 63. e7 Kb3 64. e8=Q Kc3 65. Qe5+ Kc2 66.
Qee8 Kc3 67. Qf6+ 1-0

[Event "Tournoi Skype 014B"]
[Site "Skype"]
[Date "????.??.??"]
[Round "3.21"]
[White "Alverson, Ginny"]
[Black "Vincent, Andre"]
[Result "0-1"]
[WhiteElo "1211"]
[BlackElo "1353"]
[PlyCount "76"]

1. Nf3 d5 2. d4 Nf6 3. e3 e6 4. Bd3 Be7 5. O-O O-O 6. Nbd2 Nbd7 7. c4 c6 8. c5
b6 9. Nc4 dxc4 10. Bxc4 bxc5 11. Qa4 Nb6 12. Qxc6 Rb8 13. dxc5 Nxc4 14. b3 Na5
15. Qa4 Bd7 16. Qd4 Bb5 17. Rd1 Nc6 18. Qxd8 Rfxd8 19. Bb2 Bxc5 20. Rac1 Rxd1+
21. Rxd1 Rd8 22. Rc1 Be7 23. a4 Be2 24. Ne5 Nxe5 25. Bxe5 Rd1+ 26. Rxd1 Bxd1
27. Bd4 a6 28. f3 Bxb3 29. a5 Bb4 30. e4 Bxa5 31. Be5 Nd7 32. Bd6 f6 33. Be7
Kf7 34. Bd6 Bb6+ 35. Kh1 a5 36. Ba3 a4 37. g4 Bc5 38. Bb2 a3 0-1

[Event "Tournoi Skype 014B"]
[Site "Skype"]
[Date "????.??.??"]
[Round "3.22"]
[White "Bilsel, Sebahittin"]
[Black "Gabriele, Noel"]
[Result "1-0"]
[WhiteElo "1200"]
[BlackElo "1347"]
[PlyCount "59"]

1. e4 e5 2. Nf3 d6 3. Bc4 h6 4. Nc3 c6 5. d3 Nf6 6. Bb3 Na6 7. d4 exd4 8. Nxd4
Nc5 9. O-O Ncxe4 10. Re1 d5 11. f3 Bc5 12. fxe4 dxe4 13. Nxe4 Bxd4+ 14. Kh1 O-O
15. Nxf6+ Qxf6 16. c3 Bb6 17. Be3 Bc7 18. Rf1 Qh4 19. Bg1 Bg4 20. Qd3 Bh5 21.
Bc2 g6 22. h3 f5 23. Bb3+ Kh8 24. Rae1 Rad8 25. Bd4+ Rxd4 26. cxd4 Ba5 27. Re3
Qf6 28. Re6 Qd8 29. Qe3 Qg5 30. Qe5+ 1-0

[Event "Tournoi Skype 014B"]
[Site "Skype"]
[Date "????.??.??"]
[Round "3.23"]
[White "Rugman, Dan"]
[Black "Lecluyse, Koenraad"]
[Result "1-0"]
[WhiteElo "1340"]
[BlackElo "1199"]
[PlyCount "77"]

1. e4 e5 2. Nf3 Nc6 3. Bc4 Bc5 4. c3 d6 5. d4 exd4 6. cxd4 Bb4+ 7. Nc3 Bxc3+ 8.
bxc3 Nf6 9. Bg5 O-O 10. O-O h6 11. Bxf6 Qxf6 12. Re1 Bg4 13. Re3 Rae8 14. Qd3
Bxf3 15. Rxf3 Qg6 16. Re1 Kh8 17. Bb5 Re7 18. Bxc6 bxc6 19. Rfe3 f6 20. Qa6 Ra8
21. Qxc6 Rb8 22. g3 Qf7 23. Qa6 Rb2 24. R3e2 Rxe2 25. Rxe2 Qh5 26. Re1 Qf3 27.
Qc8+ Kh7 28. Qd8 Rxe4 29. Rxe4 Qxe4 30. Qxc7 Qb1+ 31. Kg2 Qxa2 32. Qxd6 Qc4 33.
d5 Qxc3 34. Qd8 Qe5 35. Qd7 Qe4+ 36. Kh3 Kg6 37. d6 Qf5+ 38. Qxf5+ Kxf5 39. d7
1-0

[Event "Tournoi Skype 014B"]
[Site "Skype"]
[Date "????.??.??"]
[Round "3.24"]
[White "Gharbi, Said"]
[Black "Lequeux, Pierre"]
[Result "1-0"]
[WhiteElo "1339"]
[BlackElo "1199"]
[PlyCount "73"]

1. e4 Nf6 2. e5 Nd5 3. d4 d6 4. Bc4 e6 5. Nf3 Be7 6. c3 Nb6 7. Bd3 dxe5 8. Nxe5
O-O 9. Qc2 g6 10. O-O Bd7 11. Be4 c6 12. Bh6 Re8 13. Qe2 Bf8 14. Qe3 f6 15.
Bxf8 fxe5 16. Bh6 Nd5 17. Bxd5 exd5 18. Nd2 exd4 19. Qxd4 Re7 20. Bg5 c5 21.
Qxc5 Nc6 22. Qxd5+ Be6 23. Qxd8+ Rxd8 24. Bxe7 Rxd2 25. Ba3 Bc4 26. Rfe1 b5 27.
Re8+ Kf7 28. Rc8 Nd8 29. Rc7+ Kg8 30. b3 Be2 31. Re1 a6 32. Ra7 Rxa2 33. Rxa6
b4 34. cxb4 Bxa6 35. Bc1 Rc2 36. Bh6 Nf7 37. Re8# 1-0

[Event "Tournoi Skype 014B"]
[Site "Skype"]
[Date "????.??.??"]
[Round "3.25"]
[White "Paquay, Renaud"]
[Black "Wible, Annie"]
[Result "1-0"]
[WhiteElo "1135"]
[BlackElo "1000"]
[PlyCount "23"]

1. d4 d5 2. Nc3 e6 3. Nf3 c6 4. Bg5 Be7 5. Bf4 f5 6. e3 g5 7. Be5 Nf6 8. Nxg5
Nbd7 9. Nxe6 Nxe5 10. Nxd8 Bxd8 11. dxe5 b5 12. exf6 1-0

[Event "Tournoi Skype 014B"]
[Site "Skype"]
[Date "????.??.??"]
[Round "3.26"]
[White "Vitale, Maxi"]
[Black "Bustos, Ricardo"]
[Result "1/2-1/2"]
[WhiteElo "1171"]
[BlackElo "1081"]
[PlyCount "41"]

1. e4 c5 2. Nf3 d6 3. d4 cxd4 4. Nxd4 Nf6 5. Nc3 g6 6. Bb5+ Bd7 7. Bxd7+ Qxd7
8. Be3 Bg7 9. Qd3 O-O 10. f3 Nc6 11. Nxc6 Qc7 12. Nd4 e5 13. Ndb5 Qc6 14. Nxa7
Qc7 15. Nab5 Qd7 16. a4 Rfd8 17. Bb6 Re8 18. Nxd6 Re6 19. Bc5 Qc6 20. Bb4 Rd8
21. Ncb5 1/2-1/2

[Event "Tournoi Skype 014B"]
[Site "Skype"]
[Date "????.??.??"]
[Round "3.27"]
[White "Martin, Elise"]
[Black "Talbot, Jean"]
[Result "0-1"]
[WhiteElo "1155"]
[BlackElo "1068"]
[PlyCount "42"]

1. e4 e5 2. Nf3 Nc6 3. Bb5 a6 4. Bc4 Bc5 5. d3 Nf6 6. O-O O-O 7. Nc3 d6 8. Bg5
h6 9. Bd2 Re8 10. Na4 b5 11. Nxc5 bxc4 12. Na4 cxd3 13. cxd3 Bg4 14. Rc1 Nd4
15. h3 Nxf3+ 16. Kh1 Nxd2 17. hxg4 Nxf1 18. Qxf1 Nxg4 19. Qe2 Qh4+ 20. Kg1 Qh2+
21. Kf1 Qh1# 0-1

[Event "Tournoi Skype 014B"]
[Site "Skype"]
[Date "????.??.??"]
[Round "3.28"]
[White "Melin, Christiane"]
[Black "Gagnon, Sindy"]
[Result "1-0"]
[WhiteElo "1136"]
[BlackElo "1046"]
[PlyCount "109"]

1. e4 e5 2. Nf3 Nc6 3. Bb5 Be7 4. O-O Nf6 5. Re1 Nxe4 6. Rxe4 d5 7. Bxc6+ bxc6
8. Rb4 Bxb4 9. a3 Bd6 10. Nc3 e4 11. Nd4 O-O 12. Nxc6 Qh4 13. g3 Qh6 14. Nxd5
Re8 15. Nxc7 Bxc7 16. d3 exd3 17. Bxh6 gxh6 18. b4 dxc2 19. Qxc2 Bb6 20. Kf1
Bb7 21. Nd4 Bxd4 22. Qd3 Bxa1 23. Qb5 Re4 24. Qxb7 Rd8 25. Qxe4 Rd1+ 26. Ke2
Rc1 27. Qg4+ Kf8 28. Kd2 Rb1 29. Kc2 Rf1 30. f4 Rf2+ 31. Kd3 Rxh2 32. Qd7 Ra2
33. Qxa7 h5 34. Qb8+ Kg7 35. Qb5 h6 36. Qxh5 Rxa3+ 37. Ke4 Ra4 38. Kd5 Rxb4 39.
Kc5 Rb3 40. Qh1 Bb2 41. f5 Rxg3 42. Qh2 Rc3+ 43. Kb4 Kf6 44. Qxb2 Kxf5 45. Qxc3
h5 46. Kc4 h4 47. Qf3+ Kg6 48. Qh3 f5 49. Qxh4 f4 50. Qxf4 Kg7 51. Qg4+ Kf7 52.
Kd5 Ke7 53. Qg7+ Kd8 54. Kc6 Kc8 55. Qg8# 1-0

[Event "Tournoi Skype 014B"]
[Site "Skype"]
[Date "????.??.??"]
[Round "3.29"]
[White "Lemoine, Gerard"]
[Black "Kruk, Clementine"]
[Result "1-0"]
[WhiteElo "1135"]
[BlackElo "1000"]
[PlyCount "65"]

1. d4 d5 2. e3 c6 3. f4 Nf6 4. Bd3 Bg4 5. Nf3 e6 6. O-O Be7 7. Nbd2 Nbd7 8. c3
O-O 9. Kh1 Re8 10. Qe1 Bxf3 11. Rxf3 Qc7 12. Qe2 b6 13. Rh3 h6 14. Nf3 Ng4 15.
Ne5 Ngf6 16. g4 Bd6 17. g5 Ne4 18. gxh6 gxh6 19. Rxh6 Kg7 20. Qh5 Rh8 21. Nxf7
Ndf6 22. Qg6+ Kf8 23. Rxh8+ Ke7 24. Rxa8 Nf2+ 25. Kg2 N2g4 26. h3 Qb7 27. Rh8
Nxe3+ 28. Bxe3 c5 29. Qg7 Ne8 30. Qf8+ Kd7 31. Qxe8+ Kc7 32. Qd8+ Kc6 33. Qxd6#
1-0

[Event "Tournoi Skype 014B"]
[Site "Skype"]
[Date "????.??.??"]
[Round "3.31"]
[White "Farthouat, Catherine"]
[Black "Nalbant, Atakan"]
[Result "1-0"]
[WhiteElo "1041"]
[BlackElo "1100"]
[PlyCount "35"]

1. e4 e5 2. Nf3 Nc6 3. Bb5 a6 4. Bxc6 bxc6 5. O-O Nf6 6. Nc3 Be7 7. Re1 O-O 8.
d4 d6 9. h3 h6 10. b3 c5 11. dxe5 dxe5 12. Nxe5 Bd6 13. Nc4 Bb7 14. e5 Bxe5 15.
Nxe5 Re8 16. Bb2 Re7 17. Nf3 Qe8 18. Na4 1-0

[Event "Tournoi Skype 014B"]
[Site "Skype"]
[Date "????.??.??"]
[Round "3.32"]
[White "Marty, Yvette"]
[Black "Coude, Josue"]
[Result "0-1"]
[WhiteElo "1000"]
[BlackElo "1088"]
[PlyCount "42"]

1. e4 e5 2. Nc3 Nf6 3. a3 Bd6 4. Nf3 Nc6 5. d3 O-O 6. Be3 Qe7 7. d4 Ng4 8. Qe2
exd4 9. Bxd4 Nxd4 10. Nxd4 Bc5 11. Qd3 Qh4 12. O-O-O Nxf2 13. Nf3 Qh6+ 14. Qd2
Qxd2+ 15. Rxd2 Nxh1 16. e5 Re8 17. Ne4 Be3 18. Kd1 Bxd2 19. Kxd2 d6 20. exd6
cxd6 21. Nxd6 Rd8 0-1

[Event "Tournoi Skype 014B"]
[Site "Skype"]
[Date "????.??.??"]
[Round "3.33"]
[White "Pedneault, Anne-Frederique"]
[Black "Rival, Jocelyn"]
[Result "0-1"]
[WhiteElo "1000"]
[BlackElo "1086"]
[PlyCount "58"]

1. e4 d5 2. e5 e6 3. d4 Nc6 4. Nf3 Bb4+ 5. Bd2 Nge7 6. a3 Ba5 7. Bb5 Bd7 8. b4
Bb6 9. c3 a6 10. Bxc6 Bxc6 11. O-O O-O 12. Bg5 f6 13. Bh4 Nf5 14. exf6 gxf6 15.
g4 Nxh4 16. Nxh4 Qe8 17. h3 e5 18. Nf5 exd4 19. Nh6+ Kg7 20. Qd2 dxc3 21. Nxc3
Rd8 22. g5 fxg5 23. Qxg5+ Kh8 24. Rae1 Qg6 25. h4 Rg8 26. Re7 d4 27. Qxg6 Rxg6+
28. Kh2 Rxh6 29. Kh3 dxc3 0-1

[Event "Tournoi Skype 014B"]
[Site "Skype"]
[Date "????.??.??"]
[Round "4.1"]
[White "Tripathi, Rajnikant"]
[Black "Talbot, Jacques"]
[Result "1/2-1/2"]
[WhiteElo "1399"]
[BlackElo "1475"]
[PlyCount "54"]

1. d4 d5 2. e4 dxe4 3. Nc3 Nf6 4. f3 Bf5 5. Qe2 Nc6 6. Be3 exf3 7. Qxf3 Bg4 8.
Qf4 e6 9. h3 Bf5 10. Bb5 Bd6 11. Qf2 O-O 12. g4 Bg6 13. Bxc6 bxc6 14. O-O-O Ne4
15. Nxe4 Bxe4 16. Nf3 Qf6 17. Rhf1 Rfb8 18. Nd2 Qxf2 19. Rxf2 Bg6 20. Nc4 a5
21. Rdf1 a4 22. Bf4 Bxf4+ 23. Rxf4 Rb4 24. Ne5 f6 25. Nxg6 hxg6 26. c3 Rb5 27.
R1f3 Rab8 1/2-1/2

[Event "Tournoi Skype 014B"]
[Site "Skype"]
[Date "????.??.??"]
[Round "4.2"]
[White "Prasad Singh, Ambika"]
[Black "Raheja, Shiv"]
[Result "1-0"]
[WhiteElo "1444"]
[BlackElo "1374"]
[PlyCount "73"]

1. e4 e5 2. Nf3 Nc6 3. Bb5 Bc5 4. c3 Nf6 5. d4 exd4 6. cxd4 Bb4+ 7. Nbd2 Nxe4
8. O-O Nf6 9. Re1+ Ne7 10. a3 Ba5 11. b4 Bb6 12. Qe2 O-O 13. Qxe7 Qxe7 14. Rxe7
c6 15. Bd3 d6 16. Bb2 Nd5 17. Ree1 Bd7 18. Ne4 Bc7 19. Nc3 Nf4 20. Bc2 Rad8 21.
Rad1 Be6 22. Bc1 Ng6 23. d5 cxd5 24. Nxd5 Bb8 25. Ng5 Bd7 26. f4 Rc8 27. Bxg6
Rxc1 28. Rxc1 fxg6 29. g3 Bc6 30. Ne7+ Kh8 31. Nxc6 bxc6 32. Rxc6 d5 33. Rec1
h6 34. Nf3 Kh7 35. Rc8 Rxc8 36. Rxc8 Bd6 37. Rd8 1-0